Engineering Mechanics Statistics / (Record no. 36638)

MARC details
000 -LEADER
fixed length control field 00466nam a22001817a 4500
005 - DATE AND TIME OF LATEST TRANSACTION
control field 20241004120952.0
008 - FIXED-LENGTH DATA ELEMENTS--GENERAL INFORMATION
fixed length control field 241004b |||||||| |||| 00| 0 eng d
020 ## - INTERNATIONAL STANDARD BOOK NUMBER
ISBN 9788126508327
082 ## - DEWEY DECIMAL CLASSIFICATION NUMBER
Classification number 620.103
Item number MER-E
100 ## - MAIN ENTRY--AUTHOR
Author Name Meriam J.L, Kraige
245 ## - TITLE STATEMENT
Title Engineering Mechanics Statistics /
Statement of responsibility, etc. Meriam J.L, Kraige
250 ## - EDITION STATEMENT
Edition statement 5th ed.
260 ## - PUBLICATION, DISTRIBUTION, ETC.
Place of Publication india:
Name of publisher, distributor, etc. wiley;
Date of publication, distribution, etc. 2007
300 ## - PHYSICAL DESCRIPTION
Pages 494p.
650 ## - SUBJECT ADDED ENTRY--TOPICAL TERM
Subject / Department Engineering
300 ## - PHYSICAL DESCRIPTION
-- ill;
-- 24 cm.
952 ## - LOCATION AND ITEM INFORMATION (KOHA)
-- 0
-- 0
Holdings
Lost status Damaged status Collection code Permanent Location Current Location Shelving Location Date acquired Full Call Number Accession No./Barcode Date last seen item type Koha item type
    Engineering Superior Information Resource Center (SIRC) Superior University- Main Campus Superior Information Resource Center (SIRC) Superior University- Main Campus Civil 10/04/2024 620.103 MER-E 2007 29497 10/04/2024 BOOK BOOK

Powered by Koha